00386nam a22001337a 450000500170000000800410001704100220005808200120008010000230009224500310011526000460014630000340019265000260022620240719133049.0240719b |||||||| |||| 00| 0 eng d aEnglish/Afrikaans a349 SOU lEnglish/Afrikaans  aSouth African Law Reports  aCape Town: bJuta and Company Ltd, c1990 blxxxiv, 1071 pages; c26 cm.  aLegal practice bLaw